000 00495nam a2200181Ia 4500
005 20250317131022.0
008 008 250317s9999 xx 000 0 eng d
037 _aTextbook
040 _aFMSL
_beng
_cFMSL
041 _aeng
_2eng
084 _qFMSL
100 _aBrowne W P
_9739098
245 0 _aRural policy problems: changing dimensions
260 _aLexington
_bLexington, Books
_c1982
300 _a266p
942 _cTB
999 _c1266319
_d1266319